| 000 | 00399cam a2200157ua 4500 | ||
|---|---|---|---|
| 041 |
_aeng _h |
||
| 082 |
_a694.1 _bBAL/RO |
||
| 100 | _aBalakrishna Pillai, K G . | ||
| 245 |
_aRound timber`s volume table / _cK G Balakrishna Pillai. _hTextual Documents |
||
| 250 |
_a1 / _b. |
||
| 260 |
_aQuilon : _bHanson Books , _c1955. |
||
| 300 | _a402 ; . | ||
| 504 | _a | ||
| 942 | _cBK | ||
| 999 |
_c8498 _d8498 |
||